000 00222nam a22001097a 4500
082 _a001
_bFOU/P
245 _aALL IN ONE
260 _aDELHI
_bFOUNDATION STONE PUBLISHERS
300 _a48
650 _a48
_zINDIA
942 _cBK
999 _c2684
_d2684